Sigma Delta modulators : (Record no. 28850)

MARC details
000 -LEADER
fixed length control field 01535cam a22003495i 4500
001 - CONTROL NUMBER
control field 006167720
003 - CONTROL NUMBER IDENTIFIER
control field EG-ScBUE
005 - DATE AND TIME OF LATEST TRANSACTION
control field 20200927124855.0
008 - FIXED-LENGTH DATA ELEMENTS--GENERAL INFORMATION
fixed length control field 921014t19931993maua f b 001 0 eng d
020 ## - INTERNATIONAL STANDARD BOOK NUMBER
International Standard Book Number 0792393090
020 ## - INTERNATIONAL STANDARD BOOK NUMBER
International Standard Book Number 9780792393092
040 ## - CATALOGING SOURCE
Original cataloging agency DLC
Language of cataloging eng
Description conventions rda
Transcribing agency DLC
Modifying agency Uk
-- EG-ScBUE
082 04 - DEWEY DECIMAL CLASSIFICATION NUMBER
Classification number 621.381536
Item number HEI
Edition number 22
100 1# - MAIN ENTRY--PERSONAL NAME
Personal name Hein, Søren,
Dates associated with a name 1968-
Relator term author.
245 00 - TITLE STATEMENT
Title Sigma Delta modulators :
Remainder of title nonlinear decoding algorithms and stability analysis /
Statement of responsibility, etc by Søren Hein, Siemens A. G., Avideh Zakhor, University of California.
264 #1 - PUBLICATION, DISTRIBUTION, ETC. (IMPRINT)
Place of publication, distribution, etc Boston, MA. :
Name of publisher, distributor, etc Kluwer Academic Publishers,
Date of publication, distribution, etc [1993]
264 #4 - PUBLICATION, DISTRIBUTION, ETC. (IMPRINT)
Date of publication, distribution, etc c1993
300 ## - PHYSICAL DESCRIPTION
Extent xii, 252 pages :
Other physical details illustrations ;
Dimensions 24 cm
336 ## - CONTENT TYPE
Content type term text
Content type code txt
Source rdacontent
337 ## - MEDIA TYPE
Media type term unmediated
Media type code n
Source rdamedia
338 ## - CARRIER TYPE
Carrier type term volume
Carrier type code nc
Source rdacarrier
490 0# - SERIES STATEMENT
Series statement Kluwer international series in engineering and computer science.
-- VLSI.
-- computer architecture, and digital signal processing
504 ## - BIBLIOGRAPHY, ETC. NOTE
Bibliography, etc Includes bibliographical references and index.
520 ## - SUMMARY, ETC.
Summary, etc An ONS converter consists of an encoder that generates a high-rate, low-resolution digital signal, and a decoder that produces a low-rate, high-resolution digital approximation to the analog encoder input.
540 ## - TERMS GOVERNING USE AND REPRODUCTION NOTE
Terms governing use and reproduction Current copyright fee: GBP19.00
Authorization 42\0
Institution to which field applies Uk
650 #7 - SUBJECT ADDED ENTRY--TOPICAL TERM
Topical term or geographic name as entry element Analog-to-digital converters.
Source of heading or term BUEsh
9 (RLIN) 39029
650 #7 - SUBJECT ADDED ENTRY--TOPICAL TERM
Topical term or geographic name as entry element Coding theory.
Source of heading or term BUEsh
650 #7 - SUBJECT ADDED ENTRY--TOPICAL TERM
Topical term or geographic name as entry element Modulators (Electronics)
Source of heading or term BUEsh
653 ## - INDEX TERM--UNCONTROLLED
Resource For college Engineering, General
Arrived date list September2020
700 1# - ADDED ENTRY--PERSONAL NAME
Personal name Zakhor, Avideh,
Relator term author.
942 ## - ADDED ENTRY ELEMENTS (KOHA)
Source of classification or shelving scheme Dewey Decimal Classification
Koha item type Book - Borrowing
Holdings
Withdrawn status Lost status Source of classification or shelving scheme Damaged status Not for loan Collection code Home library Current library Shelving location Date acquired Source of acquisition Total Checkouts Full call number Barcode Date last seen Price effective from Koha item type
    Dewey Decimal Classification     unknown Central Library Central Library First floor 27/09/2020 Purchase   621.381536 HEI 000049827 15/07/2025 27/09/2020 Book - Borrowing